<?xml version="1.0" encoding="UTF-8"?><?xml-stylesheet type="text/xsl" href="static/style.xsl"?><OAI-PMH xmlns="http://www.openarchives.org/OAI/2.0/" xmlns:xsi="http://www.w3.org/2001/XMLSchema-instance" xsi:schemaLocation="http://www.openarchives.org/OAI/2.0/ http://www.openarchives.org/OAI/2.0/OAI-PMH.xsd"><responseDate>2026-04-14T04:51:53Z</responseDate><request verb="GetRecord" identifier="oai:www.recercat.cat:20.500.12327/2820" metadataPrefix="marc">https://recercat.cat/oai/request</request><GetRecord><record><header><identifier>oai:recercat.cat:20.500.12327/2820</identifier><datestamp>2025-10-22T11:33:42Z</datestamp><setSpec>com_2072_4428</setSpec><setSpec>com_2072_4427</setSpec><setSpec>col_2072_487898</setSpec></header><metadata><record xmlns="http://www.loc.gov/MARC21/slim" xmlns:dcterms="http://purl.org/dc/terms/" xmlns:xsi="http://www.w3.org/2001/XMLSchema-instance" xmlns:doc="http://www.lyncode.com/xoai" xsi:schemaLocation="http://www.loc.gov/MARC21/slim http://www.loc.gov/standards/marcxml/schema/MARC21slim.xsd">
   <leader>00925njm 22002777a 4500</leader>
   <datafield ind2=" " ind1=" " tag="042">
      <subfield code="a">dc</subfield>
   </datafield>
   <datafield ind2=" " ind1=" " tag="720">
      <subfield code="a">Yépez, Santiago</subfield>
      <subfield code="e">author</subfield>
   </datafield>
   <datafield ind2=" " ind1=" " tag="720">
      <subfield code="a">Velásquez, Germán</subfield>
      <subfield code="e">author</subfield>
   </datafield>
   <datafield ind2=" " ind1=" " tag="720">
      <subfield code="a">Torres, Daniel</subfield>
      <subfield code="e">author</subfield>
   </datafield>
   <datafield ind2=" " ind1=" " tag="720">
      <subfield code="a">Saavedra-Passache, Rodrigo</subfield>
      <subfield code="e">author</subfield>
   </datafield>
   <datafield ind2=" " ind1=" " tag="720">
      <subfield code="a">Pincheira, Martin</subfield>
      <subfield code="e">author</subfield>
   </datafield>
   <datafield ind2=" " ind1=" " tag="720">
      <subfield code="a">Cid, Hayleen</subfield>
      <subfield code="e">author</subfield>
   </datafield>
   <datafield ind2=" " ind1=" " tag="720">
      <subfield code="a">Rodríguez-López, Lien</subfield>
      <subfield code="e">author</subfield>
   </datafield>
   <datafield ind2=" " ind1=" " tag="720">
      <subfield code="a">Contreras, Frédéric</subfield>
      <subfield code="e">author</subfield>
   </datafield>
   <datafield ind2=" " ind1=" " tag="720">
      <subfield code="a">Frappart, Frédéric</subfield>
      <subfield code="e">author</subfield>
   </datafield>
   <datafield ind2=" " ind1=" " tag="720">
      <subfield code="a">Cristóbal, Jordi</subfield>
      <subfield code="e">author</subfield>
   </datafield>
   <datafield ind2=" " ind1=" " tag="720">
      <subfield code="a">Pons, Xavier</subfield>
      <subfield code="e">author</subfield>
   </datafield>
   <datafield ind2=" " ind1=" " tag="720">
      <subfield code="a">Flores, Neftali</subfield>
      <subfield code="e">author</subfield>
   </datafield>
   <datafield ind2=" " ind1=" " tag="720">
      <subfield code="a">Bourrel, Luc</subfield>
      <subfield code="e">author</subfield>
   </datafield>
   <datafield ind2=" " ind1=" " tag="260">
      <subfield code="c">2024-01-22</subfield>
   </datafield>
   <datafield ind2=" " ind1=" " tag="520">
      <subfield code="a">This study aims to develop and implement a methodology for retrieving bio-optical&#xd;
parameters in a lagoon located in the Biobío region, South-Central Chile, by analyzing time series&#xd;
of Landsat-8 OLI satellite images. The bio-optical parameters, i.e., chlorophyll-a (Chl-a, in mg·m−3)&#xd;
and turbidity (in NTU) were measured in situ during a satellite overpass to minimize the impact of&#xd;
atmospheric distortions. To calibrate the satellite images, various atmospheric correction methods&#xd;
(including ACOLITE, C2RCC, iCOR, and LaSRC) were evaluated during the image preprocessing&#xd;
phase. Spectral signatures obtained from the scenes for each atmospheric correction method were&#xd;
then compared with spectral signatures acquired in situ on the water surface. In short, the ACOLITE&#xd;
model emerged as the best fit for the calibration process, reaching R2 values of 0.88 and 0.79 for Chl-a&#xd;
and turbidity, respectively. This underlies the importance of using inversion models, when processing&#xd;
water surfaces, to mitigate errors due to aerosols and the sun-glint effect. Subsequently, reflectance&#xd;
data derived from the ACOLITE model were used to establish correlations between various spectral&#xd;
indices and the in situ data. The empirical retrieval models (based on band combinations) yielding&#xd;
superior performance, with higher R2 values, were subjected to a rigorous statistical validation and&#xd;
optimization by applying a bootstrapping approach. From this process the green chlorophyll index&#xd;
(GCI) was selected as the optimal choice for constructing the Chl-a retrieval model, reaching an R2 of&#xd;
0.88, while the red + NIR spectral index achieved the highest R2 value (0.79) for turbidity analysis,&#xd;
although in the last case, it was necessary to incorporate data from several seasons for an adequate&#xd;
model training. Our analysis covered a broad spectrum of dates, seasons, and years, which allowed&#xd;
us to search deeper into the evolution of the trophic state associated with the lake. We identified a&#xd;
striking eight-year period (2014–2022) characterized by a decline in Chl-a concentration in the lake,&#xd;
possibly attributable to governmental measures in the region for the protection and conservation of&#xd;
the lake. Additionally, the OLI imagery showed a spatial pattern varying from higher Chl-a values&#xd;
in the northern zone compared to the southern zone, probably due to the heat island effect of the&#xd;
northern urban areas. The results of this study suggest a positive effect of recent local regulations&#xd;
and serve as the basis for the creation of a modern monitoring system that enhances traditional&#xd;
point-based methods, offering a holistic view of the ongoing processes within the lake.</subfield>
   </datafield>
   <datafield ind1="8" ind2=" " tag="024">
      <subfield code="a">Yépez, Santiago, Germán Velásquez, Daniel J. Torres, Rodrigo Saavedra-Passache, Martin Pincheira, Hayleen Cid, Lien Rodríguez‐López, et al. 2024. “Spatiotemporal Variations in Biophysical Water Quality Parameters: An Integrated in Situ and Remote Sensing Analysis of an Urban Lake in Chile.” Remote Sensing 16 (2): 427. https://doi.org/10.3390/rs16020427.</subfield>
   </datafield>
   <datafield ind1="8" ind2=" " tag="024">
      <subfield code="a">2072-4292</subfield>
   </datafield>
   <datafield ind1="8" ind2=" " tag="024">
      <subfield code="a">http://hdl.handle.net/20.500.12327/2820</subfield>
   </datafield>
   <datafield ind1="8" ind2=" " tag="024">
      <subfield code="a">https://doi.org/10.3390/rs16020427</subfield>
   </datafield>
   <datafield ind2="0" ind1="0" tag="245">
      <subfield code="a">Spatiotemporal Variations in Biophysical Water Quality Parameters: An Integrated In Situ and Remote Sensing Analysis of an Urban Lake in Chile</subfield>
   </datafield>
</record></metadata></record></GetRecord></OAI-PMH>